Statistics for Capitals of 20 Highest Ranking FIFA Men's Countries

Click here to take the quiz!

General Stats

  • This quiz has been taken 351 times
  • The average score is 14 of 20

Answer Stats

Country Capital % Correct
EnglandLondon
95%
GermanyBerlin
93%
FranceParis
93%
SpainMadrid
92%
ItalyRome
90%
BrazilBrasilia
88%
PortugalLisbon
87%
BelgiumBrussels
86%
ArgentinaBuenos Aires
83%
MexicoMexico City
63%
ColombiaBogota
63%
SwitzerlandBern
63%
ChileSantiago
62%
CroatiaZagreb
61%
PolandWarsaw
61%
UruguayMontevideo
59%
PeruLima
43%
EgyptCairo
32%
WalesCardiff
30%
Costa RicaSan Jose
13%

Score Distribution

Percentile by Number Answered

Percent of People with Each Score

Your Score History

You have not taken this quiz